Представление документа в формате MARC21

Поле Инд. ПП Название Значение
Тип записи a
Библиографический уровень b
001 Контрольный номер RU/IS/BASE/288958819
005 Дата корректировки 20220715140330.2
008 Кодируемые данные 20090226
040 b Код языка каталог. rus
e Правила каталог. PSBO
041 0_ a Код языка текста rus
084 a Индекс другой классификации/Индекс ББК 60.561.32; 66.02
100 1_ a Автор Бирюков С. В.
q Полное имя Бирюков Сергей Владимирович
245 10 a Заглавие Региональная политическая власть в контексте социально-политических изменений на рубеже XX - XXI вв.
504 a Библиография Библиогр. ссылки. - Примеч.
650 14 a Основная рубрика политика
a Основная рубрика политическая социология
a Основная рубрика политология
a Основная рубрика социология
a Основная рубрика социология государства
653 1_ a Ключевые слова вертикаль власти
a Ключевые слова вертикальная сетевая структура
a Ключевые слова власть
a Ключевые слова глобализация
a Ключевые слова глокализация
a Ключевые слова государственная власть
a Ключевые слова кратология
a Ключевые слова политическая власть
a Ключевые слова регионализация
a Ключевые слова региональная власть
a Ключевые слова региональная политическая власть
a Ключевые слова сетевое государство
a Ключевые слова сетевое общество
a Ключевые слова трансформация власти
773 08 t Заглавие источника Вестник Московского университета. Серия 18, Социология и политология
d Дата издания источника 2008
g Прочая информация № 2. - С. 53 - 62
w Контрольный № источника RU/IS/BASE/286474427
901 t Тип документа b